[Event "55smm A Steinegg-Richter/Lask2"]
[Site "?"]
[Date "2023.12.16"]
[Round "4.2"]
[White "Pichler, Martin"]
[Black "Kowalczyk, Martin"]
[Result "1-0"]
[WhiteElo "1888"]
[BlackElo "1753"]
[PlyCount "57"]
[EventDate "2023.12.16"]

{[%evp 0,57,14,15,13,29,29,12,11,8,12,12,26,25,25,-26,-3,-3,32,29,46,19,31,5,
17,23,23,11,4,17,25,16,86,19,107,96,101,105,122,115,161,1 04,203,200,207,217,
278,270,292,305,337,385,708,443,469,514,537,679,1390,1627]} 1. e4 e5 2. Nf3 Nf6
3. Nc3 Nc6 4. Bc4 Bc5 5. d3 O-O 6. Bg5 h6 7. Bh4 Be7 8. a3 d5 9. exd5 Nxd5 10.
Bxd5 Bxh4 11. Nxh4 Qxh4 12. Bxc6 bxc6 13. Qf3 Rb8 14. Rb1 f5 15. O-O Bb7 16.
Rbe1 Qf6 17. Qe3 Rfe8 18. Qxa7 Ba8 19. b3 e4 20. Qc5 Re5 21. Qc4+ Kh7 22. dxe4
Rbe8 23. f4 Ra5 24. a4 fxe4 25. Nxe4 Qg6 26. Nc5 Rxe1 27. Rxe1 Qd6 28. b4 Qd2
29. Qe4+ 1-0

[Event "55smm A Steinegg-Richter/Lask2"]
[Site "?"]
[Date "2023.12.16"]
[Round "4.3"]
[White "Unterweger, Jonas"]
[Black "Engl, Alexander"]
[Result "1-0"]
[WhiteElo "1731"]
[BlackElo "1845"]
[PlyCount "129"]
[EventDate "2023.12.16"]

{[%evp 0,129,14,32,48,28,64,63,66,66,66,54,117,85,97,77,77,70,57,34,110,106,
128,82,89,68,55,79,73,47,47,65,50,68,77,43,89,80,76,65,65, 65,119,123,125,119,
123,110,200,109,115,114,235,227,224,261,419,427,441,272,263,260,293,256,248,
248,248,245,233,240,260,244,259, 258,265,265,313,320,312,282,330,236,244,247,
256,256,255,256,262,267,268,280,265,248,260,168,168,167,203,119,128,137,133,
126,122 ,122,123,123,121,116,116,116,116,116,135,135,133,127,130,127,127,134,
135,94,94,90,248,115,113,123,116,110]} 1. d4 e6 2. Nf3 f5 3. Bf4 Nf6 4. e3 d5
5. Be2 c6 6. O-O Be7 7. c4 O-O 8. Nc3 Ne4 9. Qc2 Bd7 10. Nxe4 fxe4 11. Nd2 Be8
12. Qb3 Qb6 13. c5 Qxb3 14. axb3 Nd7 15. b4 g5 16. Bg3 Nf6 17. Nb3 Bd8 18. Na5
Rf7 19. Ra3 a6 20. Be5 Bxa5 21. bxa5 Rd8 22. Rb3 Rdd7 23. Rb4 Kg7 24. Rc1 Kg6
25. Rc3 Ng8 26. Bg4 Rfe7 27. Bd6 Rg7 28. Bxe6 Rd8 29. Bxg8 Rxg8 30. Rxb7 Ra8
31. Rcb3 Rg7 32. Rb8 Rga7 33. Rxa8 Rxa8 34. Rb7 h6 35. Be5 Kf5 36. Rh7 Kg6 37.
Rh8 Rc8 38. Rg8+ Kf5 39. Rg7 Bh5 40. Kf1 Bd1 41. Rf7+ Kg6 42. Rg7+ Kf5 43. h3
h5 44. Rf7+ Kg6 45. Rf6+ Kh7 46. Ke1 Ba4 47. h4 gxh4 48. Rf4 h3 49. g3 Rf8 50.
Rh4 Kg6 51. Bc7 Rf7 52. Bb6 Kg5 53. Bd8+ Kg6 54. Rxh3 Rb7 55. Bb6 Rf7 56. Rh4
Kg5 57. Bd8+ Kg6 58. b4 Rb7 59. Bb6 Rf7 60. g4 Rh7 61. f4 exf3 62. Kf2 Bd1 63.
Rxh5 Rxh5 64. gxh5+ Kxh5 65. b5 1-0

[Event "55smm A Steinegg-Richter/Lask2"]
[Site "?"]
[Date "2023.12.16"]
[Round "4.4"]
[White "Lantschner, Carmen"]
[Black "Unterweger, Christian"]
[Result "1-0"]
[WhiteElo "1642"]
[BlackElo "1533"]
[PlyCount "87"]
[EventDate "2023.12.16"]

{[%evp 0,87,28,29,12,20,17,23,4,4,12,2,2,-4,-7,-23,-52,-55,-59,-325,-89,-95,
-99,-126,-148,-138,-67,-56,-57,-13,22,-46,-46,12,31,21,39, 1,46,71,74,74,80,75,
110,115,123,90,105,107,214,214,232,289,194,194,194,199,521,682,682,755,802,363,
706,652,653,649,1085,519,519 ,371,755,358,801,804,1251,1251,1262,1109,1310,
1334,1674,877,2244,2678,29979,29982,29983,29984]} 1. e4 e5 2. Nf3 Nc6 3. d4
exd4 4. Nxd4 Nf6 5. Nxc6 bxc6 6. Bd3 d5 7. e5 Ng4 8. Bf4 Qe7 9. Qe2 g5 10. Bg3
Bg7 11. O-O h5 12. h3 Nxe5 13. Re1 f6 14. Nd2 Kf7 15. f4 gxf4 16. Bxf4 Qc5+ 17.
Be3 Qd6 18. Bf4 Be6 19. Nf3 Nxf3+ 20. Qxf3 Qd7 21. Bg5 Raf8 22. Re2 Kg8 23. Bh4
Rh6 24. Rae1 Bf7 25. Re7 Qd6 26. Bg3 Qb4 27. Rxc7 h4 28. Bf2 Re8 29. Rxe8+ Bxe8
30. Qe3 Qf8 31. Qxa7 Kh8 32. Bc5 Qg8 33. Rc8 Bf8 34. Be3 Qe6 35. Rc7 Kg8 36.
Rh7 Rh5 37. Rxh5 Be7 38. Rh7 Bd7 39. Rxh4 f5 40. Rh6 Qe5 41. Qa8+ Kf7 42. Rh7+
Ke6 43. Qg8+ Kd6 44. Qb8+ 1-0

[Event "55smm A Steinegg-Richter/Lask2"]
[Site "?"]
[Date "2023.12.19"]
[Round "4.5"]
[White "Pardeller, Arthur"]
[Black "Schroffenegger, Simon"]
[Result "0-1"]
[WhiteElo "1516"]
[BlackElo "1581"]
[PlyCount "94"]
[EventDate "2023.12.16"]

{[%evp 0,94,28,28,21,-11,-3,-11,-11,7,53,49,48,-17,4,-12,26,-20,35,16,51,-119,
-109,-139,-144,-140,-154,-183,-158,-148,-164,-195,-162,- 169,-169,-169,-178,
-208,-180,-286,-286,-295,-260,-263,-263,-263,-204,-288,-266,-298,-107,-212,
-165,-170,13,-118,-164,-273,-265, -284,-262,-268,-288,-353,-317,-333,-337,-395,
-323,-409,-409,-533,-337,-475,-337,-539,-551,-551,-690,-1555,-313,-360,-390,
-395,- 278,-548,-936,-1458,-708,-29989,-510,-547,-82,-306,-311,-1023,-1071]} 1.
d4 d5 2. c4 e6 3. Nc3 Nf6 4. e3 c6 5. Nf3 Be7 6. c5 O-O 7. Bd3 Nbd7 8. O-O b6
9. b4 a5 10. bxa5 bxc5 11. dxc5 Qxa5 12. Bd2 Qxc5 13. Rc1 Qa7 14. Nd4 Bb7 15.
f4 c5 16. Ndb5 Qb6 17. Rb1 Qc6 18. Rf3 e5 19. Bc2 d4 20. Ne2 e4 21. Nbxd4 cxd4
22. Nxd4 Qa6 23. Rh3 Bd5 24. a4 Nb6 25. g4 Nc4 26. g5 Ng4 27. Bc1 f5 28. gxf6
Nxf6 29. Nf5 Qe6 30. Nxe7+ Qxe7 31. Qd4 Rfd8 32. Rg3 Be6 33. Qc3 Rac8 34. Bb3
Rd3 35. Qa1 Kf7 36. Bc2 Rd7 37. Bxe4 Rd1+ 38. Kg2 g6 39. Bf3 Rd7 40. a5 Bd5 41.
a6 Qc5 42. Kh3 Bxf3 43. Rxf3 Nd2 44. Bxd2 Rxd2 45. Rb7+ Rd7 46. Qe5 Qc6 47.
Rxd7+ Nxd7 0-1

[Event "55smm A Steinegg-Richter/Lask2"]
[Site "?"]
[Date "2023.12.16"]
[Round "4.6"]
[White "Schgaguler, Guenther"]
[Black "Mumelter, Erwin"]
[Result "0-1"]
[WhiteElo "1487"]
[BlackElo "1689"]
[PlyCount "102"]
[EventDate "2023.12.16"]

{[%evp 0,102,29,12,57,60,100,46,45,33,39,-10,-10,-17,-11,-22,-22,-19,-42,-44,
-33,-33,-25,-55,-31,-68,-61,-78,-30,-68,-58,-72,7,0,39,37 ,33,82,58,32,31,17,
65,-14,0,-18,-15,-19,1,-41,-42,-36,-26,-36,-47,-72,-41,-42,-41,-125,-103,-134,
-60,-156,-156,-158,-161,-159,- 167,-210,-216,-229,-228,-228,-218,-396,-412,
-406,-412,-412,-407,-420,-475,-475,-473,-489,-417,-443,-456,-494,-529,-687,
-779,-77 9,-907,-745,-1028,-1072,-1180,-1207,-1189,-1461,-2144,-29991,-29992]} 
1. e4 c5 2. Nc3 d6 3. f4 Nc6 4. Bb5 Bd7 5. Bxc6 Bxc6 6. Nf3 g6 7. d3 Bg7 8. Bd2
b5 9. Qc1 Nf6 10. O-O Qb6 11. Kh1 b4 12. Ne2 O-O 13. Ng3 a5 14. Rb1 Rac8 15. b3
Ne8 16. f5 e5 17. Bh6 f6 18. Bxg7 Kxg7 19. Qd1 g5 20. Nh5+ Kf7 21. Ng1 Ng7 22.
Nxg7 Kxg7 23. Qg4 Rh8 24. Rbe1 h5 25. Qg3 Rcg8 26. h4 g4 27. Nh3 Kf7 28. Nf2 d5
29. Qe3 d4 30. Qd2 a4 31. Qc1 g3 32. Nh3 Rg4 33. Rf3 a3 34. Ref1 Qd8 35. Qe1
Qg8 36. Qd2 Rxh4 37. Qe1 Rxh3+ 38. gxh3 g2+ 39. Kh2 gxf1=Q 40. Qxf1 h4 41. Rf2
Rh5 42. Qg1 Qxg1+ 43. Kxg1 Rg5+ 44. Kh2 Kg7 45. Re2 Be8 46. Rf2 Rg3 47. Rf1 Bh5
48. Rf2 Kh6 49. Rf1 Rf3 50. Rg1 Rf2+ 51. Kh1 Bf3+ 0-1

[Event "55smm A Tramin/Kaltern-Klausen"]
[Site "?"]
[Date "2023.12.16"]
[Round "4.1"]
[White "Schacher, Gerd"]
[Black "Panjkovic, Aleksandar"]
[Result "1/2-1/2"]
[WhiteElo "2253"]
[BlackElo "2072"]
[PlyCount "39"]
[EventDate "2023.12.16"]

{[%evp 0,39,48,23,72,52,53,40,38,12,19,19,39,37,32,38,43,20,36,13,31,22,38,-5,
-1,9,15,6,-14,-23,-13,-17,1,0,0,-57,-15,-34,51,48,55,-11 7]} 1. Nf3 g6 2. c4
Bg7 3. Nc3 d6 4. g3 Nf6 5. Bg2 c6 6. O-O O-O 7. d3 e5 8. Rb1 a5 9. a3 Re8 10.
Bg5 h6 11. Bxf6 Qxf6 12. b4 axb4 13. axb4 Be6 14. Nd2 Qd8 15. b5 d5 16. Qb3 e4
17. Rfd1 exd3 18. exd3 Qd6 19. cxd5 cxd5 20. b6 1/2-1/2

[Event "55smm A Tramin/Kaltern-Klausen"]
[Site "?"]
[Date "2023.12.16"]
[Round "4.2"]
[White "Zucchelli, Massimo"]
[Black "Seebacher, Michael"]
[Result "1/2-1/2"]
[WhiteElo "2113"]
[BlackElo "2087"]
[PlyCount "49"]
[EventDate "2023.12.16"]

{[%evp 0,49,16,28,27,-16,-9,0,1,-13,-22,-21,-35,-41,-2,-81,27,26,7,8,35,29,14,
64,64,64,76,76,94,105,74,28,0,0,138,146,358,125,125,126, 419,222,228,228,240,0,
0,0,0,0,0,0]} 1. d4 Nf6 2. c4 e6 3. Nc3 d5 4. cxd5 exd5 5. Bg5 c6 6. Qc2 Na6 7.
e3 Nb4 8. Qd1 Bf5 9. Rc1 Qa5 10. Bxf6 Nxa2 11. Be5 Nxc1 12. Qxc1 f6 13. Bg3 b5
14. Nf3 b4 15. Nd1 b3+ 16. Nd2 Bc2 17. Bd3 Bxd3 18. Qxc6+ Kf7 19. Bc7 Qa1 20.
Qxd5+ Kg6 21. Qxa8 Bb4 22. Qf3 Qc1 23. Qg4+ Kf7 24. Qd7+ Kg6 25. Qg4+ 1/2-1/2

[Event "55smm A Tramin/Kaltern-Klausen"]
[Site "?"]
[Date "2023.12.16"]
[Round "4.3"]
[White "Bodrov, Timofey"]
[Black "Maier, Fridolin"]
[Result "1-0"]
[WhiteElo "2111"]
[BlackElo "1778"]
[PlyCount "91"]
[EventDate "2023.12.16"]

{[%evp 0,91,19,31,31,38,21,5,25,1,0,0,0,30,33,31,148,142,156,320,298,308,351,
138,144,158,158,109,97,167,167,167,147,181,143,157,157,15 8,186,247,309,308,
305,214,188,140,105,104,104,126,74,18,11,12,10,-13,64,50,53,68,59,63,75,85,88,
92,91,91,96,104,104,94,104,87,8 2,91,82,93,93,96,106,78,94,100,154,163,218,261,
382,414,426,415,453,447]} 1. e4 e5 2. Nf3 Nc6 3. Bb5 a6 4. Ba4 b5 5. Bb3 Bc5 6.
c3 Qf6 7. O-O d6 8. d4 exd4 9. Bd5 Bb7 10. cxd4 Bb6 11. Bg5 Qg6 12. Qc1 Kd7 13.
a4 f6 14. axb5 axb5 15. Rxa8 Bxa8 16. Be3 Nge7 17. Bxc6+ Nxc6 18. d5 Ne5 19.
Nxe5+ fxe5 20. Bxb6 cxb6 21. Qe3 Rc8 22. Qxb6 Qxe4 23. Qxb5+ Ke7 24. Nc3 Qc4
25. Qxc4 Rxc4 26. Ra1 Bb7 27. Rd1 Rd4 28. Rxd4 exd4 29. Nb5 d3 30. Nc3 d2 31.
f3 d1=R+ 32. Nxd1 Bxd5 33. Kf2 Bb3 34. Nc3 Ke6 35. Ke3 Ke5 36. Nb5 Kd5 37. Nd4
Bc4 38. h4 Ba6 39. h5 Bc8 40. g4 h6 41. Kd3 Ke5 42. b4 Kd5 43. Nf5 Ba6+ 44. Ke3
Kc4 45. Nxd6+ Kxb4 46. Nf5 1-0

[Event "55smm A Tramin/Kaltern-Klausen"]
[Site "?"]
[Date "2023.12.16"]
[Round "4.4"]
[White "Bertagnolli, Gerhard"]
[Black "Seebacher, Reinhard"]
[Result "0-1"]
[WhiteElo "1855"]
[BlackElo "1931"]
[PlyCount "52"]
[EventDate "2023.12.16"]

{[%evp 0,52,26,31,23,-5,33,17,20,-3,45,23,23,29,41,32,41,13,15,19,55,56,56,47,
52,50,69,55,90,-2,0,-7,8,12,10,-5,2,-46,42,65,60,63,145, 94,-252,-252,-249,
-270,-240,-240,0,-479,-530,-530,-530]} 1. d4 d5 2. c4 c6 3. Nc3 Nf6 4. Nf3 e6
5. Bg5 Bb4 6. Bxf6 Qxf6 7. e3 Nd7 8. Rc1 O-O 9. Be2 dxc4 10. Bxc4 Bxc3+ 11.
Rxc3 e5 12. O-O e4 13. Nd2 Qg6 14. Qb1 Nf6 15. Re1 Nd5 16. Rcc1 Re8 17. b4 Bh3
18. Bf1 a5 19. bxa5 Rxa5 20. Qxb7 Nf6 21. Rc2 Bxg2 22. Bxg2 Rg5 23. Qxc6 Rxg2+
24. Kh1 Qg4 25. a4 Rxf2 26. Rg1 Qh3 0-1

[Event "55smm A Tramin/Kaltern-Klausen"]
[Site "?"]
[Date "2023.12.16"]
[Round "4.5"]
[White "Schrott, Karl"]
[Black "Thaler, Elmar"]
[Result "1-0"]
[WhiteElo "1927"]
[BlackElo "1782"]
[PlyCount "69"]
[EventDate "2023.12.16"]

{[%evp 0,69,19,31,14,-14,-11,-3,4,-11,17,10,47,47,47,21,86,46,69,45,32,23,23,
28,52,53,52,46,49,25,81,56,78,75,82,63,73,48,34,56,64,32, 34,6,61,67,71,80,114,
85,193,211,320,323,323,324,1057,29984,29985,246,260,260,260,274,274,278,277,
277,327,253,551,567]} 1. d4 Nf6 2. c4 e6 3. Nc3 d5 4. Nf3 Be7 5. Bf4 Nh5 6. Bd2
O-O 7. Qc2 c6 8. e3 Nd7 9. Bd3 Nhf6 10. O-O b6 11. e4 dxc4 12. Bxc4 Bb7 13.
Rfd1 b5 14. Bd3 h6 15. a3 a5 16. e5 Nd5 17. Nxd5 exd5 18. b4 axb4 19. axb4 Nb6
20. Rxa8 Qxa8 21. e6 Qa4 22. Bh7+ Kh8 23. exf7 Qxc2 24. Bxc2 Nc4 25. Bg6 Nxd2
26. Rxd2 Bxb4 27. Re2 Ra8 28. Re8+ Bf8 29. Rxa8 Bxa8 30. Ne5 Bb7 31. Nd7 Be7
32. f8=Q+ Bxf8 33. Nxf8 Bc8 34. Bc2 b4 35. Ng6+ 1-0

[Event "55smm A Tramin/Kaltern-Klausen"]
[Site "?"]
[Date "2023.12.16"]
[Round "4.6"]
[White "Florian, Andreas"]
[Black "Schrott, Johann"]
[Result "1/2-1/2"]
[WhiteElo "1573"]
[BlackElo "1763"]
[PlyCount "75"]
[EventDate "2023.12.16"]

{[%evp 0,75,16,28,27,35,19,46,38,46,46,66,83,32,36,47,59,5,2,-13,-1,-1,0,-10,7,
-3,3,-2,-2,-10,20,1,4,2,-4,-7,13,-18,-2,-45,-3,-68,46,3 9,3,-58,4,-22,0,-52,
-23,-16,9,14,14,-4,15,-35,-13,-73,-56,-113,-142,-141,-96,-134,-96,-169,-104,
-229,-170,-183,-120,-108,-89,-8 4,-87,-120]} 1. d4 Nf6 2. Bf4 c5 3. e3 Nc6 4.
Nf3 cxd4 5. exd4 d5 6. c3 Bg4 7. Nbd2 e6 8. Qc2 Bd6 9. Bg3 Qc7 10. Bd3 Rc8 11.
Rc1 Bh5 12. O-O Bg6 13. Rfe1 Bxg3 14. hxg3 Qd6 15. Qb1 Bxd3 16. Qxd3 O-O 17.
Ne5 Rc7 18. f4 Rfc8 19. Kf2 g6 20. Rh1 Ne8 21. Rce1 Nxe5 22. Rxe5 f6 23. Re3
Ng7 24. Nb3 b6 25. Nd2 a5 26. Rf3 Nh5 27. Qe3 f5 28. Re1 Kf7 29. Qe2 Nf6 30.
Re3 Ng4+ 31. Kf3 Nxe3 32. Qxe3 a4 33. Nb1 b5 34. Na3 Rb8 35. Nc2 Rb6 36. Nb4
Rc8 37. Nd3 a3 38. Ne5+ 1/2-1/2

[Event "55smm B Arci2-Naturns"]
[Site "?"]
[Date "2023.12.16"]
[Round "4.1"]
[White "Unterthurner, Hans"]
[Black "Rinaldo, Gaetano"]
[Result "1/2-1/2"]
[WhiteElo "1905"]
[BlackElo "1669"]
[PlyCount "50"]
[EventDate "2023.12.16"]

{[%evp 0,50,33,14,38,43,29,33,32,30,39,9,19,30,36,38,26,9,9,12,15,-3,53,47,85,
60,84,77,77,41,40,41,37,35,44,30,84,55,116,48,42,26,41,3 8,35,36,43,32,22,18,
30,32,23]} 1. e4 e6 2. d4 d5 3. Nc3 Bb4 4. e5 c5 5. a3 Bxc3+ 6. bxc3 Qc7 7. Nf3
Bd7 8. Bd3 Nc6 9. O-O Nge7 10. Re1 cxd4 11. cxd4 h6 12. Bd2 Nf5 13. Bxf5 exf5
14. Re3 Be6 15. Rb1 O-O 16. Rc3 Qd7 17. Nh4 Ne7 18. Rg3 Kh7 19. Bb4 Rg8 20. Bd2
Ng6 21. Nxg6 fxg6 22. Rgb3 Rab8 23. Rc3 Rgc8 24. Rbb3 Rxc3 25. Rxc3 Rc8 1/2-1/2

[Event "55smm B Arci2-Naturns"]
[Site "?"]
[Date "2023.12.16"]
[Round "4.2"]
[White "Pichler, Klaus"]
[Black "Gurschler, Gregor"]
[Result "1-0"]
[WhiteElo "1767"]
[BlackElo "1768"]
[PlyCount "103"]
[EventDate "2023.12.16"]

{[%evp 0,103,38,-16,-23,-26,-24,-26,44,-6,36,32,29,32,32,32,32,10,-1,-10,-10,
-16,12,-6,29,-1,10,13,23,26,41,34,38,41,57,12,37,-12,1,6, 29,35,34,34,19,45,42,
42,58,75,74,60,115,101,96,96,117,117,188,189,188,187,165,119,186,145,172,208,
194,192,192,192,192,185,193,1 77,164,154,164,164,161,151,205,163,161,164,194,
206,204,219,239,219,291,307,331,273,379,378,362,362,361,375,379,377,392,393]} 
1. b3 e5 2. Bb2 Nc6 3. e3 Bc5 4. Bb5 Qe7 5. f4 d6 6. fxe5 dxe5 7. Nf3 Bd6 8.
Nc3 Nf6 9. O-O O-O 10. Bxc6 bxc6 11. e4 Bg4 12. Qe1 Bc5+ 13. Kh1 Rfd8 14. d3
Nh5 15. Ne2 Bb4 16. Qf2 Bd6 17. Ng3 f6 18. h3 Nxg3+ 19. Qxg3 Bxf3 20. Rxf3 Bb4
21. Raf1 Kh8 22. Rf5 Bd6 23. Rh5 Qf7 24. Qh4 Qg8 25. g4 Re8 26. g5 fxg5 27.
Qxg5 Rf8 28. Rg1 Qf7 29. Bxe5 Bxe5 30. Qxe5 Rae8 31. Qg5 Qf3+ 32. Rg2 Qf7 33.
Qg6 Qf1+ 34. Kh2 Qf4+ 35. Qg3 Qf7 36. Rf5 Qe7 37. Rgf2 g6 38. R5f4 Rxf4 39.
Qxf4 Kg8 40. Qf6 Qd7 41. h4 Qd6+ 42. Kg2 Qd7 43. Kf1 Qe6 44. Ke2 Qg4+ 45. Ke3
Qd7 46. h5 Qg7 47. Qxc6 Rd8 48. Qe6+ Kh8 49. hxg6 Qh6+ 50. Rf4 Qxg6 51. Qxg6
hxg6 52. Rf7 1-0

[Event "55smm B Arci2-Naturns"]
[Site "?"]
[Date "2023.12.16"]
[Round "4.3"]
[White "Naegele, Raimund"]
[Black "D'Ambrosio, Luca"]
[Result "1/2-1/2"]
[WhiteElo "1645"]
[BlackElo "1748"]
[PlyCount "68"]
[EventDate "2023.12.16"]

{[%evp 0,68,28,25,39,-4,33,38,32,1,-5,-30,-11,-19,-14,-9,-21,-26,-23,-28,-22,
-57,-26,-26,-30,-37,-43,-70,-72,-78,-77,-82,-56,-55,-79,- 70,-73,-99,10,0,0,0,
0,-13,11,18,21,25,11,16,35,34,26,43,67,59,71,68,72,71,73,82,93,95,102,84,97,
-19,53,72,94]} 1. d4 d5 2. c4 c6 3. Nf3 Nf6 4. g3 dxc4 5. Qc2 b5 6. Bg2 Bb7 7.
O-O e6 8. Nbd2 Be7 9. Rd1 O-O 10. e4 Qc7 11. b3 cxb3 12. axb3 Na6 13. Bb2 Nb4
14. Qb1 Rfd8 15. Rc1 a6 16. e5 Nd7 17. Ne4 h6 18. Ba3 Nd5 19. Bxe7 Nxe7 20. Nd6
Nb6 21. Nd2 Nbd5 22. N2e4 Nc8 23. Qc2 Nxd6 24. Nxd6 Rxd6 25. exd6 Qxd6 26. Qc5
Qd7 27. Bxd5 exd5 28. Re1 Re8 29. Rxe8+ Qxe8 30. Qc3 f6 31. Re1 Qd7 32. Qe3 Kf7
33. Qf3 Bc8 34. Qc3 Bb7 1/2-1/2

[Event "55smm B Arci2-Naturns"]
[Site "?"]
[Date "2023.12.16"]
[Round "4.4"]
[White "Rizzardi, Roberto"]
[Black "Naegele, Norbert"]
[Result "0-1"]
[WhiteElo "1587"]
[BlackElo "1813"]
[PlyCount "42"]
[EventDate "2023.12.16"]

{[%evp 0,42,25,20,34,23,16,20,20,20,17,4,62,72,41,37,20,-2,4,-47,-20,-46,-57,
-81,-87,-87,-81,-81,-71,-58,-65,-60,-66,-78,-60,-91,-76,- 84,-77,-73,-66,-119,
0,-448,-446]} 1. e4 e6 2. Nf3 d5 3. exd5 exd5 4. d4 Nf6 5. Be2 c5 6. O-O Be7 7.
Re1 O-O 8. Bg5 Nc6 9. c4 dxc4 10. Bxc4 cxd4 11. a3 Bf5 12. Bd3 Be6 13. Nbd2 h6
14. Bh4 Qd7 15. Rc1 Rac8 16. Nc4 Rfd8 17. Nfe5 Nxe5 18. Nxe5 Qd6 19. Rxc8 Rxc8
20. Bb1 g6 21. Qf3 Qxe5 0-1

[Event "55smm B Arci2-Naturns"]
[Site "?"]
[Date "2023.12.16"]
[Round "4.5"]
[White "Wielander, Wolfgang"]
[Black "Gasparro, Antonio"]
[Result "1/2-1/2"]
[WhiteElo "1515"]
[BlackElo "1480"]
[PlyCount "73"]
[EventDate "2023.12.16"]

{[%evp 0,73,34,31,89,75,74,69,80,81,76,62,75,74,69,50,55,57,49,34,68,37,65,93,
90,71,83,41,41,22,1,7,12,14,5,-3,-10,9,7,-7,7,20,12,0,36 ,5,29,5,42,-76,-75,
-105,-114,-133,-121,-130,-117,-125,-13,-11,-5,-41,-4,-22,31,27,10,4,19,13,7,
-27,-18,-15,-10,-21]} 1. e4 d6 2. d4 Nf6 3. Nc3 g6 4. Nf3 Bg7 5. Be2 O-O 6. O-O
Nc6 7. h3 e5 8. d5 Ne7 9. Bg5 a6 10. a4 c6 11. dxc6 bxc6 12. Qd2 Qc7 13. Rfd1
d5 14. Bxf6 Bxf6 15. exd5 cxd5 16. Nxd5 Nxd5 17. Qxd5 Be6 18. Qe4 Bf5 19. Qc4
Qxc4 20. Bxc4 Bxc2 21. Rd6 Kg7 22. Rxa6 Rab8 23. Bb5 Rfd8 24. Ra7 e4 25. Ne1
Bb3 26. Ra3 Be6 27. Rc7 Bxb2 28. Re3 Rd1 29. Rxe4 Kg8 30. Kh2 Rbd8 31. Bc4 R8d4
32. Rxd4 Bxd4 33. Nf3 Bxf2 34. Bxe6 fxe6 35. Re7 Ra1 36. Rxe6 Rxa4 37. Re7
1/2-1/2

[Event "55smm B Arci3-Ridnaun"]
[Site "?"]
[Date "2023.12.16"]
[Round "4.1"]
[White "Haller, Quentin"]
[Black "Gheser, Amir"]
[Result "1-0"]
[WhiteElo "2039"]
[BlackElo "1702"]
[PlyCount "55"]
[EventDate "2023.12.16"]

1. e4 c5 2. b3 Nc6 3. Bb2 Nf6 4. e5 Nd5 5. Nf3 e6 6. g3 Be7 7. Bg2 Qc7 8. O-O
O-O 9. a3 b5 10. Qe2 a5 11. c4 bxc4 12. bxc4 Ba6 13. d3 Nb6 14. Nc3 Rab8 15. h4
f6 16. Nb5 Bxb5 17. cxb5 Na4 18. exf6 gxf6 19. bxc6 Rxb2 20. Qe4 Nc3 21. Qg4+
Kh8 22. cxd7 Rg8 23. Qxe6 Ne2+ 24. Kh1 Nxg3+ 25. fxg3 Rxg2 26. Qxe7 R2xg3 27.
Qxf6+ R3g7 28. Ng5 1-0

[Event "55smm B Arci3-Ridnaun"]
[Site "?"]
[Date "2023.12.16"]
[Round "4.2"]
[White "Benvenuto, Alexander"]
[Black "Aigner, Helmut"]
[Result "1-0"]
[WhiteElo "1579"]
[BlackElo "1872"]
[PlyCount "97"]
[EventDate "2023.12.16"]

1. d4 Nf6 2. Nf3 e6 3. e3 d5 4. Bd3 c5 5. c3 Nc6 6. O-O Bd6 7. Nbd2 O-O 8. Qe2
b6 9. e4 dxe4 10. Nxe4 Bb7 11. Nxf6+ gxf6 12. Bh6 Re8 13. Rad1 Qe7 14. Nh4 f5
15. Qh5 cxd4 16. Bxf5 f6 17. Bxe6+ Qxe6 18. Nf5 Ne5 19. Rxd4 Bf8 20. Bxf8 Rxf8
21. Rg4+ Nxg4 22. Qxg4+ Kf7 23. Qg7+ Ke8 24. Qxb7 Qxf5 25. Re1+ Kd8 26. Rd1+
Ke8 27. Qxa8+ Kf7 28. Qxa7+ Kg6 29. Qxb6 Re8 30. h3 Qc2 31. Rf1 Re2 32. Qb5
Qxb2 33. Qxb2 Rxb2 34. Ra1 Rc2 35. a4 Rxc3 36. a5 Rc7 37. a6 Ra7 38. Kh2 Kg5
39. Kg3 h5 40. h4+ Kg6 41. Ra5 Kh6 42. Kf4 Kg6 43. f3 f5 44. g3 Kf6 45. Rxf5+
Kg6 46. Ra5 Kf6 47. g4 hxg4 48. fxg4 Kg6 49. Ke5 1-0

[Event "55smm B Groeden2-Tramin/Kaltern2"]
[Site "?"]
[Date "2023.12.16"]
[Round "4.3"]
[White "Sanin, Wilfried"]
[Black "Knottner, Klaus"]
[Result "1/2-1/2"]
[WhiteElo "1436"]
[BlackElo "1631"]
[PlyCount "87"]
[EventDate "2023.12.16"]

1. d4 Nf6 2. Bf4 e6 3. e3 d5 4. Bd3 Bd6 5. Bg3 Qe7 6. c3 Nbd7 7. Nd2 e5 8. dxe5
Nxe5 9. Be2 O-O 10. Bh4 Ng6 11. Bxf6 Qxf6 12. Bg4 Ne5 13. Be2 Re8 14. Ngf3 Bf5
15. Nxe5 Bxe5 16. Nf3 c6 17. Nxe5 Rxe5 18. O-O Qg6 19. g3 Bh3 20. Re1 Qh6 21.
Bf1 Rae8 22. Bxh3 Qxh3 23. Qf3 h5 24. Rad1 h4 25. Qg2 Qf5 26. Re2 Qh5 27. Red2
hxg3 28. hxg3 R8e6 29. Qh2 Qg4 30. Qh4 Qg6 31. Kg2 Rh5 32. Qd8+ Kh7 33. Rd4 Re4
34. Rh1 Rxd4 35. Rxh5+ Qxh5 36. cxd4 Qe2 37. Qh4+ Kg8 38. Qd8+ Kh7 39. Qh4+ Kg6
40. g4 Qd3 41. Qh5+ Kf6 42. Qe5+ Kg6 43. Qh5+ Kf6 44. Qe5+ 1/2-1/2

[Event "55smm B Groeden2-Tramin/Kaltern2"]
[Site "?"]
[Date "2023.12.16"]
[Round "4.4"]
[White "Grossrubatscher, Johann"]
[Black "Steinegger, Elmar"]
[Result "1-0"]
[WhiteElo "1525"]
[BlackElo "1513"]
[PlyCount "59"]
[EventDate "2023.12.16"]

1. e4 e5 2. Nf3 Nc6 3. Bb5 d6 4. O-O Bd7 5. c3 Nf6 6. d3 h6 7. Nbd2 a6 8. Ba4
Be7 9. Re1 O-O 10. Nf1 Na5 11. Bxd7 Qxd7 12. b4 Nc6 13. Ne3 Na7 14. Nf5 Kh7 15.
Qd2 Ng8 16. d4 Qe6 17. d5 Qd7 18. c4 Bf6 19. Rb1 Nc8 20. c5 Nce7 21. Ng3 g6 22.
Qc2 Rac8 23. Rd1 Bg7 24. a4 f5 25. b5 axb5 26. axb5 fxe4 27. c6 bxc6 28. bxc6
Qe8 29. Nxe4 Qf7 30. Neg5+ 1-0

[Event "55smm B Lana-Klausen"]
[Site "?"]
[Date "2023.12.16"]
[Round "4.1"]
[White "Sigmund, Ingenuin"]
[Black "Kofler, Albin Ernst"]
[Result "0-1"]
[WhiteElo "1543"]
[BlackElo "1472"]
[PlyCount "42"]
[EventDate "2023.12.16"]

{[%evp 0,42,80,53,107,65,67,66,67,60,57,12,11,-9,0,-35,-24,-86,-84,-105,-90,
-130,-118,-130,-111,-123,-115,-129,-126,-126,-98,-158,-168 ,-168,-86,-85,-89,
-161,-180,-147,-206,-198,-227,-794,-923]} 1. e4 b6 2. Nf3 Bb7 3. e5 e6 4. d4 c5
5. Be2 Nc6 6. O-O cxd4 7. Nxd4 Nxe5 8. f4 Nc6 9. Nxc6 Bxc6 10. Bd3 Bc5+ 11. Kh1
Nf6 12. Nd2 O-O 13. Qe2 d5 14. c3 Re8 15. b4 Bd6 16. Nb3 e5 17. fxe5 Bxe5 18.
Qc2 Ne4 19. Nd4 Rc8 20. Nxc6 Rxc6 21. Bb2 Qh4 0-1

[Event "55smm B Merania-Taufers"]
[Site "?"]
[Date "2023.12.16"]
[Round "4.3"]
[White "Balzarini, Franco"]
[Black "Zuev, Mikhail"]
[Result "0-1"]
[WhiteElo "1830"]
[BlackElo "1774"]
[PlyCount "53"]
[EventDate "2023.12.16"]

{[%evp 0,53,19,31,43,25,58,48,43,32,32,24,6,4,28,-9,5,3,8,-6,-10,-7,8,-11,-5,
-30,-24,-25,-16,-25,-26,-81,-67,-53,-71,-55,-44,-60,-37,- 85,-85,-192,-86,-135,
-162,-148,-74,-248,-252,-261,-249,-243,-286,-286,-286,-685]} 1. d4 d5 2. Nf3 c5
3. e3 Nc6 4. Be2 Nf6 5. O-O e6 6. b3 Bd6 7. Bb2 cxd4 8. Nxd4 O-O 9. Nxc6 bxc6
10. Nd2 a5 11. Nf3 a4 12. a3 axb3 13. cxb3 Qe7 14. a4 e5 15. g3 Bh3 16. Re1
Rfb8 17. Qc2 Bd7 18. Reb1 h6 19. Bc3 c5 20. Be1 d4 21. exd4 cxd4 22. Bc4 Bc5
23. Rd1 Bg4 24. Be2 d3 25. Rxd3 e4 26. Rc3 exf3 27. Bb5 0-1